• 首页
  • 本馆介绍
  • 公告通知
  • 最新文献
  • 馆藏检索
  • 电子资源
  • 读者导购
  • 参考咨询
  • 我的图书馆
  • 登录
  • 详细信息显示
  • 放入我的书架
  • 预约/预借图书
  • 作者相关作品
  • 分类相关作品
  • 丛书相关作品
  • 出版社相关作品

书目信息

  • 表格格式
  • 工作单格式
  • 卡片格式
题名:
说的自在
    
 
作者: Webster , Poulos 著 ;曾凤菊 , 吴咨杏 , 云天湘 译
分册:  
出版信息: 台北   心理出版社股份有限公司  2008
页数: 12,165页
开本: 23cm
丛书名: 沟通障碍
单 册:
中图分类: H018.4
科图分类:
主题词: 口吃病--精神疗法 , 口吃病--语言矫正 , 口吃病 , 精神疗法 , 语言矫正
电子资源:
ISBN: 978-986-191-132-8
000 01220oam2 2200349 450
001 1573201291
005 20150131202006.57
010    @a978-986-191-132-8@dTWD220.00
100    @a20110803d2008 em y0chiy50 ea
101 1  @achi@ceng
102    @aCN@b710000
105    @ay z 000yy
200 1  @a说的自在@9shuo de zi zai@e维持说话流畅技巧@dFacilitating fluency@etransfer strategies for adult stuttering treatment programs@fWilliam G. Webster,Marie G. Poulos著@g曾凤菊,吴咨杏,云天湘译@zeng
210    @a台北@c心理出版社股份有限公司@d2008
215    @a12,165页@d23cm
225 1  @a沟通障碍@v16
461  0 @12001 @a沟通障碍
510 1  @aFacilitating fluency@etransfer strategies for adult stuttering treatment programs@zeng
517 1  @a维持说话流畅技巧@9wei chi shuo hua liu chang ji qiao
606 0  @a口吃病@x精神疗法
606 0  @a口吃病@x语言矫正
606 0  @a口吃病
606 0  @a精神疗法
606 0  @a语言矫正
690    @aH018.4@v5
701  1 @aWebster@bWilliam G.@4著
701  1 @aPoulos@bMarie G.@4著
702  0 @a曾凤菊@9zeng feng ju@4译
702  0 @a吴咨杏@9wu zi xing@4译
702  0 @a云天湘@9yun tian xiang@4译
801  0 @aCN@bTSSF@c20150131
905    @aZUCC@dH018.4@eJY4
    
    说的自在:维持说话流畅技巧=Facilitating fluency:transfer strategies for adult stuttering treatment programs/William G. Webster,Marie G. Poulos著/曾凤菊,吴咨杏,云天湘译.-台北:心理出版社股份有限公司,2008
    12,165页;23cm.-(沟通障碍;16)
    
    
    ISBN 978-986-191-132-8:TWD220.00
    
●
相关链接 在E读中查询图书 在五车中查询图书 在当当中查询图书 在豆瓣中查询图书


正题名:说的自在     索取号:H018.4/JY4         预约/预借

序号 登录号 条形码 馆藏地/架位号 状态 备注
1 7864275   278642756   学院路分馆/ [索取号:H018.4/JY4] 在馆    
2 7864276   278642765   学院路分馆/ [索取号:H018.4/JY4] 在馆    
唐山师范学院图书馆 欢迎您!
大连网信软件有限公司© 版权所有